000 00816nam a22002177a 4500
005 20180703152446.0
010 _a1718EN-30 ENG-121825 B-688312-318
020 _c115.00
_a9788126051786
035 _aEN-105357
035 _aB-688312-318
037 _bSahitya Akadmi
_adpl
037 _bDBAD/PUB
082 _a881
100 _aKhanna, Anita
245 _aThe dowry and other Japanese stories /
_cby Anita Khanna
260 _aNew Delhi
_bSahitya Academi
_c2016
270 _bNew Delhi
_aRabindra Bhawan, 35, Fiiroz Shah Marg
_e110001
300 _a117p.
_c21cm(pbk)
942 _2ddc
_cEN
_mKHA
_hS
999 _c146208
_d146208